[Event "Edinburgh op"]
[Site "Edinburgh"]
[Date "2012.04.01"]
[Round "5"]
[White "Wallace, David A"]
[Black "Munand, Abdulla"]
[Result "1/2-1/2"]
[WhiteElo "1874"]
[BlackElo "1485"]
[PlyCount "57"]
[EventDate "2012.03.30"]
[EventType "swiss"]
[EventRounds "5"]
[EventCountry "SCO"]
[SourceTitle "EXT 2014"]
[Source "ChessBase"]
[SourceDate "2013.11.20"]
[SourceVersion "1"]
[SourceVersionDate "2013.11.20"]
[SourceQuality "1"]

1. e4 c5 2. Nf3 Nc6 3. d3 d6 4. g3 g6 5. Bg2 Bg7 6. 0-0 Nf6 7. Nbd2 0-0 8. c3 Qb6 9. Qc2 d5 10. Nh4 dxe4 11. dxe4 e5 12. Re1 Qc7 13. Nf1 Nh5 14. Ne3 Be6 15. Nd5 Bxd5 16. exd5 Ne7 17. Bf3 Nf6 18. c4 Nd7 19. Rd1 Qd6 20. Bg2 f5 21. f4 e4 22. Bf1 Rab8 23. a4 a6 24. Ra2 Nb6 25. Be3 Rbc8 26. Ng2 Na8 27. Qd2 Nc7 28. Qf2 Ne8 29. Qd2 1/2-1/2